000 00501nam a2200157 i 4500
001 57898
003 ES-MaACL
005 20230906163657.0
007 t|
008 031020s1917 fr ||||1| fre d
100 1 _aDouël, Martial.
_945482
245 1 0 _aSept villes mortes
_b: Cherchell, Tipasa de Mauritanie, Khemissa, Madaure, Tipasa de Numidie, Theveste, Djemila /
_cMartial Douël.
260 _aParis :
_bE. de Boccard,
_c1917.
300 _aVIII, 274 p. ;
_c19 cm.
852 _aES-MaACL
_jF-5609
999 _c57898
_d57898